1846 1142 1542 1882 1243 1988 1322 1645 1064 1628 1065 1565 1949 1086 1999 1847 1187 1051 1894 1871 1861 1238 1661 1343 1287 1106 1913 1923 1275 1550 1342 1119 1386 1260 1103 1417 1988 1147 1538 1372 1462 1177 1148 1235 1109 1698 1182 1982 1988 1849 1371 1054 1921 1006 1692 1284 1857 1528 1562 1429 1549 1122 1945 1300 1345 1022 1415 1074 1278 1795 1459 1123 1540 1322 1415 1772 1879 1695 1998 1755 1145 1058 1854 1897 1214 1100 1769 1990 1876 1410 1063 1254 1076 1765 1945 1417 1296 1650 1609 BCNSPRNW ULIB Ver.6.0+V

เปลี่ยนเป็นภาษาไทย

Change to English
 แสดงรายละเอียดบรรณานุกรม
  กลับหน้าหลัก

Brief Record : Get Marc (ISO 2709) : E-mail record : QR code < ปิดหน้าต่าง
LEADER : 00000nam 2200000uu 4500
001    13399121495
003     ULIB
008    121121s2551||||th 000 0 tha d
020    ^a9789740644125
090    ^aนว.^bช111อ
100    ^aชญากานท์
110    ^aเซ้นต์คามิน
245    ^aอุบัติเหตุแห่งรัก ณ ปลายขอบฟ้า/^cชญากานท์
250    ^aพิมพ์ครั้งที่ 1
260    ^aนนทบุรี :^bเซ้นต์คามิน,^c2551
300    ^a248 หน้า
945    ^p185^l0^i15025
995    ^aวิภา
999    ^aใช้งานได้ทุกระบบ
รายการนี้ยังไม่มีแท็ก
คุณยังไม่ได้ล็อกอิน คุณสามารถมีกิจกรรมร่วมกับเว็บไซต์ได้ แต่ต้องล็อกอินก่อน ::
  ล็อกอิน

รายการสื่อสารสนเทศ

ลำดับที่ ประเภท เลขเรียก/บาร์โค้ด สถานที่ สถานะ
1. วิทยาศาสตร์การแพทย์ และสุขภาพ
วิทยาศาสตร์การแพทย์ และสุขภาพ
นว. ช111อ  
  Barcode: 15025
ห้องสมุดวิทยาเขตสวรรค์ประชารักษ์
►นวนิยาย
บนชั้น
  ขอยืม

BibComment


ยังไม่เคยถูกคอมเมนท์

คอมเมนท์ทรัพยากรรายการนี้
  คอมเมนท์: อุบัติเหตุแห่งรั..


 Copyright 2026. Bcnsprnw @Library